| 000 | 01011cab a2200277 4500 | ||
|---|---|---|---|
| 001 | ABS52119 | ||
| 008 | 090401t1995 xxu||||| |||| 00| 0 eng d | ||
| 035 | _a(Sirsi) u61985 | ||
| 041 | _aeng | ||
| 100 | _aKnapman, D. | ||
| 245 | _aTowards a more sustainable style of rural development | ||
| 260 | _c1995 | ||
| 350 | _a0 | ||
| 490 |
_aPlanning (for the Natural and Built Environment) _v(1103) 27 January 1995, 26-27(2) |
||
| 520 | _aDiscusses the implications for the agricultural sector of the EC`s Fifth Environmental Action Programme "Towards sustainability" under which the Commission proposed to integrate environmental considerations into all policies. | ||
| 650 | _aCAP REFORM | ||
| 650 | _aFIFTH ENVIRONMENTAL ACTION PROGRAMME | ||
| 650 | _aRURAL ECONOMY | ||
| 650 | _aSUSTAINABLE DEVELOPMENT | ||
| 650 | _aTOWARDS SUSTAINABILITY | ||
| 690 | _aENVIRONMENTAL AND LAND CONSULTANCY | ||
| 690 | _aEUROPE-SINGLE MARKET | ||
| 690 | _aRURAL PRACTICE | ||
| 942 | _n0 | ||
| 948 | _c04/03/1997 | ||
| 999 |
_c38468 _d38468 |
||